The Education Of Shakespeare (Record no. 186697)
[ view plain ]
| 000 -LEADER | |
|---|---|
| fixed length control field | 00534 a2200169 4500 |
| 003 - CONTROL NUMBER IDENTIFIER | |
| control field | Nust |
| 005 - DATE AND TIME OF LATEST TRANSACTION | |
| control field | 20230525122935.0 |
| 040 ## - CATALOGING SOURCE | |
| Transcribing agency | Nust |
| 082 ## - DEWEY DECIMAL CLASSIFICATION NUMBER | |
| Classification number | 822.23, PLI |
| 100 ## - MAIN ENTRY--PERSONAL NAME | |
| Personal name | Plimpton,George A |
| 9 (RLIN) | 112598 |
| 245 ## - TITLE STATEMENT | |
| Title | The Education Of Shakespeare |
| Statement of responsibility, etc. | George A Plimpton |
| 260 ## - PUBLICATION, DISTRIBUTION, ETC. | |
| Place of publication, distribution, etc. | London |
| Name of publisher, distributor, etc. | Oxford university |
| 300 ## - PHYSICAL DESCRIPTION | |
| Extent | 140:p |
| 505 ## - FORMATTED CONTENTS NOTE | |
| Formatted contents note | Introduction (Page-3), Teachers In Shakespeare Day (Page-7), Courses Of Study In Shakespeare Day (Page-45), The Textbook Of Shakespeare Day(Page-47). |
| 650 ## - SUBJECT ADDED ENTRY--TOPICAL TERM | |
| Topical term or geographic name entry element | Drama |
| 942 ## - ADDED ENTRY ELEMENTS (KOHA) | |
| Source of classification or shelving scheme | |
| Koha item type | Book |
| Withdrawn status | Lost status | Source of classification or shelving scheme | Damaged status | Not for loan | Permanent Location | Current Location | Shelving location | Date acquired | Full call number | Barcode | Date last seen | Price effective from | Koha item type | Public note |
|---|---|---|---|---|---|---|---|---|---|---|---|---|---|---|
| Military College of Signals (MCS) | Military College of Signals (MCS) | Fiction | 12/12/2016 | 822.23,PLI | MCS29644 | 12/08/2016 | 12/12/2016 | Book | Almirah No.57, Shelf No.5 |
